Carregant...
സ്വാതിതിരുന്നാൾ
| Autor principal: | |
|---|---|
| Altres autors: | |
| Format: | Printed Book |
| Publicat: |
Thrissur
Green books
2009
|
| Matèries: |
| LEADER | 00549nam a22001577a 4500 | ||
|---|---|---|---|
| 020 | |a 9788184231229 | ||
| 082 | |a M927.8 |b ASG/S | ||
| 100 | |a അശോകാൻ കെ. | ||
| 245 | |a സ്വാതിതിരുന്നാൾ | ||
| 260 | |a Thrissur |b Green books |c 2009 | ||
| 300 | |a 135p. | ||
| 650 | |a Swathithirunnal |a Karnatic music |a Musician |a Music | ||
| 700 | |a Asokan K. | ||
| 942 | |c BK | ||
| 999 | |c 35520 |d 35520 | ||
| 952 | |0 0 |1 0 |4 0 |6 M_927_800000000000000_ASGS |7 0 |8 Stack |9 37613 |a KUCL |b KUCL |c Stack |d 2015-10-21 |l 0 |o M927.8 ASG/S |p 32739 |r 2015-10-21 |w 2015-10-21 |y BK | ||